Shankaradeva (Record no. 1121924)

MARC details
000 -LEADER
fixed length control field 00650nam a2200229Ia 4500
003 - CONTROL NUMBER IDENTIFIER
control field OSt
005 - DATE AND TIME OF LATEST TRANSACTION
control field 20221006165743.0
008 - FIXED-LENGTH DATA ELEMENTS--GENERAL INFORMATION
fixed length control field 221006b |||||||| |||| 00| 0 eng d
037 ## - SOURCE OF ACQUISITION
Terms of availability Textual
040 ## - CATALOGING SOURCE
Original cataloging agency FML
Transcribing agency FML
Language of cataloging eng
041 ## - LANGUAGE CODE
Source of code eng
Language code of text/sound track or separate title eng
100 ## - MAIN ENTRY--PERSONAL NAME
Personal name Barua Biranchi Kumar Au.
9 (RLIN) 680414
245 #0 - TITLE STATEMENT
Title Shankaradeva
Remainder of title Vaishnava Saint Of Assam
260 ## - PUBLICATION, DISTRIBUTION, ETC.
Place of publication, distribution, etc. Assam
Name of publisher, distributor, etc. Academy for CR India
Date of publication, distribution, etc. 1960
300 ## - PHYSICAL DESCRIPTION
Extent 138
Dimensions cm.
942 ## - ADDED ENTRY ELEMENTS (KOHA)
Classification part delta 25y7I49, K0
Koha item type Textual
Source of classification or shelving scheme Colon Classification (CC)
Holdings
Withdrawn status Lost status Source of classification or shelving scheme Damaged status Not for loan Home library Current library Date acquired Total Checkouts Full call number Barcode Date last seen Price effective from Koha item type
    Colon Classification (CC)     Department of Music Library Department of Music Library 2022-10-06   delta 25y7I49 K0 MU0001994 2022-10-06 2022-10-06 Textual
Copyright @ Delhi University Library System